000 00635nam a2200217 u 4500
005 20240810063854.0
008 121120s2010 r 000 0 eng d
020 _a9786074716764
035 _aUPN01000188755
049 _aI
050 4 _aPQ7298.32 I.46
_bG6.7
100 1 _aVilloro, Juan,
_d1956-
_930716
245 1 3 _aLa gota gorda /
_cJuan Villoro ; il. Rosana Faría.
260 _aMéxico :
_bSM,
_c2010.
300 _a[60] p. :
_bprincipalmente il. col.
440 0 _aEl barco de vapor ;
_v41
650 4 _aCuentos infantiles mexicanos
_97723
700 1 _aFaría, Rosana,
_eil.
905 _aInfantil
999 _c160858
_d160858